<?xml version="1.0" encoding="UTF-8"?><?xml-stylesheet type="text/xsl" href="static/style.xsl"?><OAI-PMH xmlns="http://www.openarchives.org/OAI/2.0/" xmlns:xsi="http://www.w3.org/2001/XMLSchema-instance" xsi:schemaLocation="http://www.openarchives.org/OAI/2.0/ http://www.openarchives.org/OAI/2.0/OAI-PMH.xsd"><responseDate>2026-04-17T05:38:54Z</responseDate><request verb="GetRecord" identifier="oai:riubu.ubu.es:10259/10430" metadataPrefix="marc">https://riubu.ubu.es/oai/request</request><GetRecord><record><header><identifier>oai:riubu.ubu.es:10259/10430</identifier><datestamp>2025-04-23T00:05:27Z</datestamp><setSpec>com_10259_4665</setSpec><setSpec>com_10259_5086</setSpec><setSpec>com_10259_2604</setSpec><setSpec>col_10259_4666</setSpec></header><metadata><record xmlns="http://www.loc.gov/MARC21/slim" xmlns:doc="http://www.lyncode.com/xoai" xmlns:xsi="http://www.w3.org/2001/XMLSchema-instance" xmlns:dcterms="http://purl.org/dc/terms/" xsi:schemaLocation="http://www.loc.gov/MARC21/slim http://www.loc.gov/standards/marcxml/schema/MARC21slim.xsd">
<leader>00925njm 22002777a 4500</leader>
<datafield tag="042" ind1=" " ind2=" ">
<subfield code="a">dc</subfield>
</datafield>
<datafield tag="720" ind1=" " ind2=" ">
<subfield code="a">Miguel Barrio, Rodrigo</subfield>
<subfield code="e">author</subfield>
</datafield>
<datafield tag="260" ind1=" " ind2=" ">
<subfield code="c">2024-12</subfield>
</datafield>
<datafield tag="520" ind1=" " ind2=" ">
<subfield code="a">La  Directiva  2016/1919  regula  la  asistencia  jurídica  gratuita  en  procesos  penales, buscando  una  armonización  mínima  en  los  Estados  Miembros. El  presente  trabajo  pretende ofrecer, casi 8 años después de su promulgación, una concisa aproximación  a este instrumento europeo y, consecuentemente, abordar dos cuestiones controvertidas: su eventual aplicabilidad en  el  ámbito  de  las  personas  jurídicas,  así  como  la  carencia  de  disposiciones  referentes  a criterios mínimos de honorarios, en aras de asegurar un auténtico derecho de calidad.</subfield>
</datafield>
<datafield tag="520" ind1=" " ind2=" ">
<subfield code="a">The Directive 2016/1919 regulates legal aid in criminal proceedings, aiming for minimal harmonization across Member States. This present work seeks to provide, nearly 8 years after its enactment,  a  concise  overview  of  this  European  instrument  and  subsequently  address  two contentious issues: its potential applicability in the realm of legal entities, as well as the absence of provisions regarding minimum fee criteria, in order to ensure a genuine right to quality.</subfield>
</datafield>
<datafield tag="024" ind2=" " ind1="8">
<subfield code="a">http://hdl.handle.net/10259/10430</subfield>
</datafield>
<datafield tag="024" ind2=" " ind1="8">
<subfield code="a">10.24197/ree.85.2025.464-491</subfield>
</datafield>
<datafield tag="024" ind2=" " ind1="8">
<subfield code="a">2530-9854</subfield>
</datafield>
<datafield ind1=" " ind2=" " tag="653">
<subfield code="a">Espacio judicial europeo</subfield>
</datafield>
<datafield ind1=" " ind2=" " tag="653">
<subfield code="a">Asistencia jurídica gratuita</subfield>
</datafield>
<datafield ind1=" " ind2=" " tag="653">
<subfield code="a">Garantías del detenido</subfield>
</datafield>
<datafield ind1=" " ind2=" " tag="653">
<subfield code="a">Asistencia letrada</subfield>
</datafield>
<datafield ind1=" " ind2=" " tag="653">
<subfield code="a">Persona jurídica</subfield>
</datafield>
<datafield ind1=" " ind2=" " tag="653">
<subfield code="a">European judicial space</subfield>
</datafield>
<datafield ind1=" " ind2=" " tag="653">
<subfield code="a">Free legal aid</subfield>
</datafield>
<datafield ind1=" " ind2=" " tag="653">
<subfield code="a">Detainee guarantees</subfield>
</datafield>
<datafield ind1=" " ind2=" " tag="653">
<subfield code="a">Legal representation</subfield>
</datafield>
<datafield ind1=" " ind2=" " tag="653">
<subfield code="a">Legal person</subfield>
</datafield>
<datafield tag="245" ind1="0" ind2="0">
<subfield code="a">Avanzando en la asistencia jurídica gratuita en la UE: Un análisis crítico de la Directiva 2016/1919</subfield>
</datafield>
</record></metadata></record></GetRecord></OAI-PMH>